English Monarchs in Shakespeare Quiz Stats

 Plays Quiz Updated Feb 24, 2020

Support Sporcle.
Go Orange.
Score 0/13 Timer 04:00
0 Plays Today
Name of Ruler % Correct
Henry V
96.6%
Henry VI
94.7%
Richard II
92.1%
Henry VII
92.1%
Richard III
90.5%
Henry VIII
89.8%
Henry IV
88.2%
Elizabeth I
76%
John
75.2%
Henry III
72.4%
Edward IV
63.2%
Edward V
62.1%
James I
58%

You're not logged in!

Compare scores with friends on all Sporcle quizzes.
OR
Log In

From the Vault

States with Large Cities

by ktf_oregon

The only thing these states have that others don't is a lot of tall buildings and bad traffic.
Remove Ads.
Support Sporcle.
Get the best of Sporcle when you Go Orange. This ad-free experience offers more features, more stats, and more fun while also helping to support Sporcle. Thank you for becoming a member.

Show Comments

Extras

Top Quizzes Today


Score Distribution

Your Account Isn't Verified!

In order to create a playlist on Sporcle, you need to verify the email address you used during registration. Go to your Sporcle Settings to finish the process.

Report this User

Report this user for behavior that violates our Community Guidelines.

Details: